000 02490cam a2200349 i 4500
001 data
005 20260322212109.0
008 data
035 _a22529311
906 _a7
_bcbc
_ccopycat
_d2
_encip
_f20
_gy-gencatlg
925 0 _aacquire
_b1 shelf copy
_xpolicy default
010 _a 2022937825
020 _a9781956056334
_q(pbk)
020 _a1956056335
_q(pbk)
035 _a(OCoLC)1329421446
040 _aYDX
_beng
_cYDX
_erda
_dDLC
_dOCLCF
_dDLC
042 _alccopycat
050 0 0 _aBR50
_b.H597 2022
082 0 4 _a230
_223
100 1 _aHonig, Harvey H.
_eauthor.
245 1 2 _aA people's guide to an interfaith Christian theology in a time of transformation /
_cHarvey H. Honig, PhD.
264 1 _aBrunswick, Maine :
_bShanti Arts Publishing,
_c[2022]
264 4 _c©2022
300 _a139 pages ;
_c22 cm
336 _atext
_btxt
_2rdacontent
337 _aunmediated
_bn
_2rdamedia
338 _avolume
_bnc
_2rdacarrier
520 _a"Harvey H. Honig began his life's work as a Lutheran minister but soon recognized his need for a more spacious and inclusive approach through which to heal and understand his inner self. This led him to spend many years exploring and experiencing other paths of religion and spirituality. In recent years, though, he found that the message, mission, and being of Jesus still played a powerful and transformative role in his life. Since common understandings of the life of Jesus are embedded within a biblical and historical framework, Honig wanted to explore the meaning of Christianity within the framework of our current world. An Interfaith Christian Theology is for fellow seekers who are drawn to the being and message of Jesus but can no longer relate to the dissonance between reality and belief that so many churches require. Honig's approach differs from traditional Christian theology in two ways: first, it does not stem from the framework of a specific denomination, and second, it presents itself as a way of thinking about Christianity rather than the only way. After several years as a minister, Honig began Jungian analytic training and earned a PhD in psychology at Loyola University Chicago. Jung gave Honig the tools he needed to continue his personal search for a life-affirming view of Christianity and to assist others in their search for inner truth and healing."--Publisher.
650 0 _aTheology.
650 7 _aTheology.
_2fast
_0(OCoLC)fst01149559
999 _c1629
_d1629